[Event "IRL-ch Seniors 50"]
[Site "Dublin"]
[Date "2024.01.05"]
[Round "2"]
[White "O'Dwyer, Fergal"]
[Black "O Hanlon, Joseph"]
[Result "1/2-1/2"]
[WhiteElo "1917"]
[BlackElo "1578"]
[PlyCount "61"]
[EventDate "2024.01.04"]
[EventType "swiss"]
[EventRounds "7"]
[EventCountry "IRL"]
[SourceTitle "CB02_2024"]
[SourceDate "2024.01.10"]
[SourceVersion "1"]
[SourceVersionDate "2024.01.10"]
[SourceQuality "1"]

1. c4 c5 2. g3 g6 3. Bg2 Bg7 4. Nc3 Nc6 5. Nf3 e5 6. d3 Nge7 7. Bg5 0-0 8. Qd2 Re8 9. Nd5 Rf8 10. Nxe7+ Nxe7 11. 0-0 d6 12. a3 Qc7 13. Bh6 Rb8 14. Bxg7 Kxg7 15. Qc3 Kg8 16. b4 b6 17. b5 Bb7 18. a4 Ra8 19. a5 a6 20. bxa6 Rxa6 21. axb6 Qxb6 22. Rxa6 Qxa6 23. Ra1 Qb6 24. Nd2 Bxg2 25. Kxg2 Nc6 26. Ne4 Qc7 27. Nf6+ Kg7 28. Nd5 Qb7 29. Qc1 Nb4 30. Rb1 Qc6 31. Qd1 1/2-1/2